| 000 | 00334nam a2200097Ia 4500 | ||
|---|---|---|---|
| 082 | _a291.35 HARP | ||
| 245 | 0 | _aThe traveller's atlas of sacred & historical places : a guide to the world's most mystical locations | |
| 100 |
_a HARPUR, James Hove, 2003 _999610 |
||
| 942 | _cBK | ||
| 008 | 210817s9999 xx 000 0 und d | ||
| 999 |
_c423188 _d423187 |
||